| 000 | 01416pam a2200373 a 4500 | ||
|---|---|---|---|
| 001 | 1479463 | ||
| 003 | OSt | ||
| 005 | 20140310182114.0 | ||
| 008 | 871224s1988 njua j 001 0 eng | ||
| 010 | _a 87037204 | ||
| 020 | _a0745150195 | ||
| 040 |
_aDLC _cDLC _dDLC |
||
| 042 | _alcac | ||
| 050 | 0 | 0 |
_aPR 2825 _b.Sh527 1992 |
| 082 | 0 | 0 |
_aHS 822.33P3 _bM898 1992 |
| 100 | 1 |
_aMulherin, Jennifer. _913575 |
|
| 245 | 1 | 4 |
_aThe merchant of Venice / _cby Jennifer Mulherin ; illustrations by Norman Bancroft-Hunt. |
| 260 |
_aBath, Avon : _bCherry Tree Books, _c1992. |
||
| 300 |
_a32 p. : _bcol. : ill. ; _c21 cm. |
||
| 490 | 1 | _aShakespeare for everyone | |
| 500 | _aIncludes index. | ||
| 520 | _aDiscusses the plot, characters, and historical background of the Shakespeare play. | ||
| 541 | _j1 | ||
| 541 | _j2 | ||
| 600 | 1 | 0 |
_aShakespeare, William, _d1564-1616. _tMerchant of Venice _xJuvenile literature. _913613 |
| 600 | 1 | 1 |
_aShakespeare, William, _d1564-1616. _tMerchant of Venice. _913614 |
| 650 | 0 |
_aShylock (Fictitious character) _vJuvenile literature. _913615 |
|
| 650 | 0 |
_aJews in literature _vJuvenile literature. _913616 |
|
| 650 | 1 |
_aEnglish literature _xHistory and criticism. _913617 |
|
| 700 | 2 |
_aBancroft-Hunt, Norman, _eill. _913618 |
|
| 800 | 1 |
_aMulherin, Jennifer. _tShakespeare for everyone. _913619 |
|
| 906 |
_a7 _bcbc _corignew _d1 _eocip _f19 _gy-gencatlg |
||
| 942 |
_2lcc _cHS _kHS |
||
| 999 |
_c9435 _d9435 |
||